000 01878nam0a2200337 4500
001 RU\NLR\bibl\855035
005 20260407085342.0
010 _a5-88234-768-8
_9100
021 _aRU
_b2005-68375
_93371
035 _a(NLR Aleph) 000843761
090 _a1436834
_c1436834
100 _a20051018d2005 |||y0rusy50 ca
101 1 _arus
_ceng
102 _aRU
105 _ay |||||||||
200 1 _aЛирика Роберта В. Сервиса
_e[для студентов специальности "Филология", изучающих английский язык и лингвострановедение, дневной и заочной форм обучения]
_fпер. с англ. Н. В. Пановой
_gФедер. агентство по образованию, Гос. образоват. учреждение высш. проф. образования "Волгогр. гос. пед. ун-т"
210 _aВолгоград
_cПеремена
_d2005
215 _a46 с.
_d20
300 _aПер. репр. изд.: Song of a Sourdough / Robert W. Service.-Totonto, 1959
454 0 _12001#$aSong of a Sourdough
_1700#1$3RU\NLR\auth\7769009$7ba$aService$bR. W.$f1874-1958$gRobert William$4070
_1210##$aTotonto$d1959
_tSong of a Sourdough
_aService, Robert William (1874-1958)
686 _aШ6(7К)17-5{Лх1960-18}
700 1 _4070
_8rus
_7ca
_aСервис
_bР. В.
_f1874-1958
_gРоберт Вильям
_3RU\NLR\auth\7769006
_951934
702 1 _4730
_8rus
_7ca
_aПанова
_bН. В.
_cфилолог
_3RU\NLR\AUTH\7730633
_913651
712 0 2 _4570
_aВолгоградский государственный педагогический университет
_3RU\NLR\AUTH\8813276
_9299568
801 0 _aRU
_bNLR
_c20051018
_grcr
801 1 _aRU
_bNLR
_c20051018
942 _cBOOK
980 _aNB
980 _aNBR